000 00649nam a2200193Ia 4500
005 20250508160337.0
008 008 250505s9999 xx 000 0 eng d
037 _aTextual
040 _aFEDL
_beng
_cFEDL
041 _aeng
_2eng
084 _a370.193 42, UNI
_qFEDL
245 0 _aRacial isolation in the public schools. A report of the U S Commission on Civil Rights. 2 V
245 0 _cUnited States Commission on Civil Rights
260 _aWashington, USA
_bU.S. Government Printing Office
_c1967
490 _v1. 276p.
650 _aEducation sociology
942 _cTEXL
_h370.193 42, UNI
999 _c1363892
_d1363892